|
|
|
|
| LEADER |
00000nam a2200000 a 4500 |
| 001 |
vtls008640626 |
| 003 |
SK-MaSNL |
| 005 |
20260301184932.0 |
| 008 |
240315s2005 xo f 000 0 slo |
| 015 |
|
|
|a SNBA2006/04-02119
|
| 020 |
|
|
|a 8080509468
|q (brož.)
|
| 035 |
|
|
|a BBEAC369-E4D4-48BC-81E9-D6AB9318944E
|
| 035 |
|
|
|a urn:nbn:sk:snk-aml205
|
| 035 |
|
|
|a urn:nbn:sk:snk-am008lwx
|
| 040 |
|
|
|a SNK
|b slo
|c SNK
|e AACR2
|
| 041 |
0 |
|
|a slo
|
| 044 |
|
|
|a xo
|c SK
|
| 072 |
|
7 |
|a 316.4/.7
|x Sociálne interakcie
|2 konspekt
|
| 080 |
|
|
|a 316.7
|2 2001
|
| 080 |
|
|
|a 81:316.7
|2 2001
|
| 080 |
|
|
|a 316.772.4
|2 2001
|
| 080 |
|
|
|a 572.026
|2 2001
|
| 080 |
|
|
|a 81`25
|2 2001
|
| 080 |
|
|
|a (048.8)
|2 2001
|
| 100 |
1 |
|
|a Gromová, Edita,
|d 1954-
|4 aut
|9 93694
|
| 245 |
1 |
0 |
|a Kultúra - interkulturalita - translácia
|c Edita Gromová, Daniela Müglová
|
| 250 |
|
|
|a [1. vyd.]
|
| 260 |
|
|
|a Nitra
|b Univerzita Konštantína Filozofa
|c 2005
|
| 504 |
|
|
|a Bibliogr. s. 94-101
|
| 506 |
|
|
|a 200 výtl.
|
| 650 |
0 |
7 |
|a kultúra
|2 SNKPH
|9 886
|
| 650 |
0 |
7 |
|a jazyk a kultúra
|2 SNKPH
|9 66827
|
| 650 |
0 |
7 |
|a interkultúrna komunikácia
|2 SNKPH
|9 2689
|
| 650 |
0 |
7 |
|a kultúrna antropológia
|2 SNKPH
|9 720
|
| 650 |
0 |
7 |
|a teória prekladu
|2 SNKPH
|9 15928
|
| 655 |
|
7 |
|a monografie
|2 SNKPH
|9 70139
|
| 700 |
1 |
|
|a Müglová, Daniela,
|d 1953-
|4 aut
|9 247878
|
| 919 |
|
|
|a 80-8050-946-8
|
| 958 |
|
|
|a OND
|
| 999 |
|
|
|c 862183
|d 864113
|
| 952 |
|
|
|a SNK
|b SNK
|y VYP
|7 0
|p 17A0503846
|o snkSC 123257 D1
|i snk2006/6761
|8 0
|0 0
|1 0
|4 0
|d 2006-03-30
|l 0
|r 2026-02-24 05:16:00
|w 2026-02-24
|
| 952 |
|
|
|a SNK
|b SNK
|y PREZ
|7 0
|p 17A0503847
|o snkSC 123257
|i snk2006/6760
|8 0
|0 0
|1 0
|4 0
|d 2006-03-30
|f 1
|l 0
|r 2025-06-04 00:00:00
|w 2026-02-24
|